ბათუმის შოთა რუსთაველის სახელმწიფო უნივერსიტეტის ბიბლიოთეკა

ქართული ენის ისტორიული ქრესტომათია = Историческая хрестоматия Грузинского языка ტ.1 : ლექსიკონით, ენის მიმოხილვით და ტაბულებით : ნაწ. 1 / (ბიბ.ჩანაწერი № 53197)

000 -ლიდერი
ფიქსირებული სიგრძის საკონტროლო ველი 01160nam a2200241Ia 4500
001 - საკონტროლო ნომერი
საკონტროლო ველი 20238
003 - საკონტროლო ნომრის იდენტიფიკატორი
საკონტროლო ველი GE_BSU
005 - ბოლო ოპერაციის თარიღი და დრო
საკონტროლო ველი 20200630111734.0
008 - ფიქსირებული სიგრძის მონაცემთა ელემენტები - ზოგადი ინფორმაცია
ფიქსირებული სიგრძის საკონტროლო ველი 181216s1982||||ge |||||||||||||| ||geo||
040 ## - კატალოგიზაციის წყარო
Transcribing agency GE_BSU
041 ## - ენის კოდი
Language code of text/sound track or separate title geo
080 ## - უნივერსალური ათობითი კლასიფიკაციის ინდექსი
Universal Decimal Classification number 811.353.1-86 ი-50
100 ## - მთავარი ჩანაწერი - პიროვნების სახელი
Personal name იმნაიშვილი, ი.
9 (RLIN) 5492
245 ## - ცნობა სათაურის შესახებ
Title ქართული ენის ისტორიული ქრესტომათია = Историческая хрестоматия Грузинского языка ტ.1 : ლექსიკონით, ენის მიმოხილვით და ტაბულებით : ნაწ. 1 /
Statement of responsibility, etc ი. იმნაიშვილი ; რედ. ა. შანიძე.
264 ## - წარმოების, გამოცემის, დისტრიბუციის და სხვა ცნობები
გამოცემის, წარმოების, დისტრიბუციის... ადგილი თბილისი :
გამოცემის, წარმოების, დისტრიბუციის... სახელწოდება თსუ,
გამოცემის, წარმოების, დისტრიბუციის... თარიღი 1982.
300 ## - ფიზიკური აღწერა
Extent 383 გვ. ;
Dimensions 22 სმ.
653 ## - INDEX TERM--UNCONTROLLED
Uncontrolled term ქართული ენა
653 ## - INDEX TERM--UNCONTROLLED
Uncontrolled term ქართული ენა
653 ## - INDEX TERM--UNCONTROLLED
Uncontrolled term ქართული ენის ისტორიული ქრესტომათია
700 ## - ADDED ENTRY--PERSONAL NAME
Personal name შანიძე, ა.
Relator term რედაქტორი
9 (RLIN) 8897
942 ## - ADDED ENTRY ELEMENTS (KOHA)
Koha item type წიგნი
Source of classification or shelving scheme
ეგზემპლარები
ჩამოწერის სტატუსი დაკარგული ეგზემპლარის სტატუსი კლასიფიკაციის წყარო ან თაროზე გაწყობის სქემა დაზიანების სტატუსი არ გაიცემა მუდმივი მდებარეობა (დაცვის ადგილი) ამჟამინდელი ადგილსამყოფელი თაროზე განთავსების ადგილი შეძენის თარიღი ღირებულება, შესყიდვის ნორმალური ფასი სრული შენახვის შიფრი შტრიხკოდი ბოლო ოპერაციის თარიღი ეგზემპლარის მიმდევრობითი ნომერი (კეტერი?) ფასის ძალაში შესვლის თარიღი ეგზემპლარის სახეობა საჯარო შენიშვნა
          ბათუმის შოთა რუსთაველის სახელმწიფო უნივერსიტეტის მთავარი ბიბლიოთეკა ბათუმის შოთა რუსთაველის სახელმწიფო უნივერსიტეტის მთავარი ბიბლიოთეკა წიგნსაცავი 2018-12-17 4.78 811.353.1-86 ი-50 52815 2018-12-17 52815 2018-12-17 წიგნი 4.78 ლ.